[Event "Wch Juvenil 2010 sub18"]
[Site "Porto Carras GRE"]
[Date "2010.10.27"]
[Round "8.10"]
[White "Yilmaz, Mustafa"]
[Black "Koohestani, Sh"]
[Result "1-0"]
[WhiteElo "2482"]
[BlackElo "2344"]
[PlyCount "159"]
[EventDate "2010.10.20"]
[EventType "swiss"]
[EventRounds "11"]
[EventCountry "GRE"]
[Source "lmi"]
[SourceDate "2010.10.20"]

1. e4 c5 2. Nf3 e6 3. d4 cxd4 4. Nxd4 a6 5. Bd3 Qc7 6. O-O Nf6 7. Qe2 d6 8. c4
g6 9. Nc3 Bg7 10. Rd1 Nc6 11. Nf3 Nd7 12. Be3 Bxc3 13. bxc3 O-O 14. Bh6 Rd8 15.
h4 f6 16. Nh2 Nce5 17. Qe3 Nxd3 18. Qxd3 Ne5 19. Qg3 Nf7 20. Ng4 Nxh6 21. Nxh6+
Kg7 22. Ng4 e5 23. Ne3 Be6 24. f4 exf4 25. Qxf4 Qc5 26. Rd4 Qe5 27. Qf2 b5 28.
Rb1 Rab8 29. cxb5 Rxb5 30. Rbd1 Rc5 31. c4 Rd7 32. Qd2 Qg3 33. Qd3 Kf7 34. Rf1
Rh5 35. Rxf6+ Kxf6 36. Nd5+ Rxd5 37. Qxg3 Rxd4 38. Qf2+ Ke5 39. Qg3+ Kxe4 40.
Qf3+ Ke5 41. Qe3+ Re4 42. Qc3+ Kf5 43. Qf3+ Rf4 44. g4+ Ke5 45. Qe3+ Re4 46.
Qc3+ Kf4 47. Kf2 Bxg4 48. Qd2+ Ke5 49. Qd5+ Kf6 50. Qxe4 Be6 51. Qd4+ Kf7 52.
Qh8 h5 53. Qc8 a5 54. Kg3 a4 55. a3 Ke7 56. Qc6 Rd8 57. Qxa4 Rc8 58. Qa7+ Kf6
59. Qf2+ Ke7 60. Qa7+ Kf6 61. a4 Rxc4 62. a5 Rg4+ 63. Kf2 Rxh4 64. Qa8 Ke5 65.
a6 Rh2+ 66. Ke3 Rh3+ 67. Kd2 Ra3 68. Qh8+ Kf5 69. Qf8+ Ke5 70. Qg7+ Kf5 71. Qb7
Ra2+ 72. Ke3 Ke5 73. Qe4+ Kf6 74. a7 Ra3+ 75. Kd2 Ra2+ 76. Kc1 Bf5 77. Qd5 Ra6
78. a8=Q Rxa8 79. Qxa8 h4 80. Qd8+ 1-0

[Event "Wch Juvenil 2010 sub18"]
[Site "Porto Carras GRE"]
[Date "2010.10.27"]
[Round "8.13"]
[White "Espinosa Aranda, Angel"]
[Black "Idani, Pouya"]
[Result "0-1"]
[WhiteElo "2403"]
[BlackElo "2278"]
[PlyCount "116"]
[EventDate "2010.10.20"]
[EventType "swiss"]
[EventRounds "11"]
[EventCountry "GRE"]
[Source "lmi"]
[SourceDate "2010.10.20"]

1. e4 c5 2. Nf3 d6 3. d4 cxd4 4. Nxd4 Nf6 5. Nc3 a6 6. Bg5 Nbd7 7. f4 e5 8. Nf5
Qb6 9. Qd2 Qxb2 10. Rb1 Qa3 11. Be2 h6 12. Bh4 g6 13. Ne3 exf4 14. Ned5 Nxd5
15. Nxd5 Bg7 16. Nc7+ Kf8 17. Rb3 Qxa2 18. Nxa8 Be5 19. O-O Nc5 20. Rb4 Qa5 21.
Rd4 Qxd2 22. Rxd2 Nxe4 23. Rdd1 Nc3 24. Rde1 Be6 25. Bd3 Nd5 26. Bf2 Kg7 27.
Nb6 Ne3 28. Bxe3 fxe3 29. Nc4 Bxc4 30. Bxc4 f5 31. Rb1 b5 32. Bd3 Re8 33. g3
Bc3 34. Be2 d5 35. Kg2 b4 36. Kf3 a5 37. Ra1 Bxa1 38. Rxa1 Rc8 39. Bd3 d4 40.
Rxa5 b3 41. cxb3 Rc3 42. Ke2 Rxb3 43. Ra2 Kf6 44. h4 h5 45. Ra6+ Kg7 46. Ra2
Kf6 47. Ra6+ Kg7 48. Ra4 Rb2+ 49. Kf1 Rf2+ 50. Kg1 Rd2 51. Ra3 Kh6 52. Kf1 Rf2+
53. Kg1 Rf3 54. Kg2 e2 55. Kxf3 e1=Q 56. Be2 Qh1+ 57. Kf2 Qh2+ 58. Kf3 f4 0-1

[Event "Wch Juvenil 2010 sub18"]
[Site "Porto Carras GRE"]
[Date "2010.10.27"]
[Round "8.14"]
[White "Kanarek, Marcel"]
[Black "Dilanyan, Grigor"]
[Result "1-0"]
[WhiteElo "2401"]
[BlackElo "2245"]
[PlyCount "103"]
[EventDate "2010.10.20"]
[EventType "swiss"]
[EventRounds "11"]
[EventCountry "GRE"]
[Source "lmi"]
[SourceDate "2010.10.20"]

1. c4 e6 2. Nc3 d5 3. d4 Nf6 4. Bg5 c6 5. cxd5 exd5 6. e3 Be7 7. Qc2 O-O 8. Bd3
Nbd7 9. Nge2 Re8 10. f3 h6 11. Bh4 Nh5 12. Bf2 Bd6 13. g4 Nhf6 14. h4 Nf8 15.
g5 Nh5 16. O-O-O g6 17. f4 f5 18. gxf6 Qxf6 19. Rdg1 Kf7 20. Ng3 Bg4 21. Qb3
Kg7 22. Qxb7+ Kh8 23. Nxh5 Bxh5 24. Qxc6 Rac8 25. Qa6 Qd8 26. Kb1 Bb4 27. Rc1
Re6 28. Qa4 Rb8 29. Ka1 a6 30. f5 Reb6 31. Bg3 R8b7 32. Be5+ Kh7 33. Rh2 gxf5
34. Bxf5+ Bg6 35. Qc2 Bxc3 36. Bxg6+ Nxg6 37. Qxc3 Nxe5 38. dxe5 Rb4 39. Qd3+
Re4 40. a3 Re7 41. Qxa6 R4xe5 42. Rg2 R5e6 43. Qd3+ Re4 44. Rc6 Qf8 45. Rgg6
Rf7 46. h5 Rf1+ 47. Ka2 Qf7 48. Rxh6+ Kg7 49. Rcg6+ Kf8 50. Rh8+ Ke7 51. Qb3 d4
52. Rh7 1-0

[Event "Wch Juvenil 2010 sub18"]
[Site "Porto Carras GRE"]
[Date "2010.10.27"]
[Round "8.15"]
[White "Firat, Burak"]
[Black "Dounis, Alexandros"]
[Result "1-0"]
[WhiteElo "2424"]
[BlackElo "2207"]
[PlyCount "93"]
[EventDate "2010.10.20"]
[EventType "swiss"]
[EventRounds "11"]
[EventCountry "GRE"]
[Source "lmi"]
[SourceDate "2010.10.20"]

1. e4 e5 2. Nf3 Nc6 3. Bb5 Nge7 4. O-O g6 5. c3 a6 6. Ba4 Bg7 7. d4 exd4 8.
cxd4 b5 9. Bb3 O-O 10. Nc3 d6 11. h3 Bb7 12. Re1 Na5 13. Bc2 Re8 14. Ne2 c5 15.
b3 Nec6 16. a3 cxd4 17. Nexd4 Nxd4 18. Nxd4 d5 19. e5 Rxe5 20. Be3 Nc6 21. Qd2
Rc8 22. Nxc6 Rxc6 23. Rac1 h6 24. Red1 Qe7 25. b4 Rc4 26. Bb3 d4 27. Bxc4 dxe3
28. Qd8+ Kh7 29. Qxe7 Rxe7 30. Be2 Bb2 31. Rb1 exf2+ 32. Kxf2 Bf6 33. Bf3 Bc8
34. Rbc1 Be6 35. Bd5 Bg5 36. Rc3 Rd7 37. Rcd3 Bf5 38. Be4 Rc7 39. Bxf5 Rc2+ 40.
Kf3 gxf5 41. Rd6 Bc1 42. R1d3 f4 43. Rxa6 Be3 44. g3 Rf2+ 45. Ke4 Bc1 46. gxf4
Rxf4+ 47. Kd5 1-0

[Event "Wch Juvenil 2010 sub18"]
[Site "Porto Carras GRE"]
[Date "2010.10.27"]
[Round "8.16"]
[White "Sieciechowicz, Marcin"]
[Black "Gemy, Jose Daniel"]
[Result "1-0"]
[WhiteElo "2443"]
[BlackElo "2325"]
[PlyCount "99"]
[EventDate "2010.10.20"]
[EventType "swiss"]
[EventRounds "11"]
[EventCountry "GRE"]
[Source "lmi"]
[SourceDate "2010.10.20"]

1. d4 d5 2. c4 c6 3. Nf3 Nf6 4. Nc3 g6 5. e3 Bg7 6. Be2 O-O 7. O-O Nbd7 8. b3
Re8 9. Bb2 Ne4 10. cxd5 Nxc3 11. Bxc3 cxd5 12. Rc1 b6 13. Bb5 Bb7 14. Ne5 Bxe5
15. dxe5 a6 16. Be2 e6 17. f4 Qe7 18. Qd4 Qc5 19. Qd2 Qe7 20. Bd4 Rec8 21. g4
a5 22. Bb5 Nc5 23. Qe2 Rc7 24. f5 exf5 25. gxf5 Qg5+ 26. Qg2 Qxg2+ 27. Kxg2
gxf5 28. Rxf5 Bc8 29. Rf2 Be6 30. Rfc2 Rac8 31. a3 Kf8 32. b4 axb4 33. axb4 Na6
34. Rxc7 Nxc7 35. Bd3 b5 36. Bb6 Na6 37. Rxc8+ Bxc8 38. Bxb5 Ke7 39. Be2 Bb7
40. b5 Nb8 41. Kg3 Nd7 42. Bd4 Nf8 43. Bc5+ Ke8 44. Bxf8 Kxf8 45. Kf4 h6 46.
Bg4 Ke7 47. h3 f6 48. Kf5 Bc8+ 49. Kg6 Bxg4 50. exf6+ 1-0

[Event "Wch Juvenil 2010 sub18"]
[Site "Porto Carras GRE"]
[Date "2010.10.27"]
[Round "8.18"]
[White "Kanmazalp, Ogulcan"]
[Black "Lovik, Lasse Ostebo"]
[Result "1/2-1/2"]
[WhiteElo "2411"]
[BlackElo "2298"]
[PlyCount "126"]
[EventDate "2010.10.20"]
[EventType "swiss"]
[EventRounds "11"]
[EventCountry "GRE"]
[Source "lmi"]
[SourceDate "2010.10.20"]

1. e4 c6 2. d4 d5 3. Nd2 dxe4 4. Nxe4 Bf5 5. Ng3 Bg6 6. h4 h6 7. Nf3 Nd7 8. h5
Bh7 9. Bd3 Bxd3 10. Qxd3 e6 11. Bd2 Ngf6 12. O-O-O Qc7 13. Ne4 Nxe4 14. Qxe4
Nf6 15. Qe2 O-O-O 16. g3 Bd6 17. c4 c5 18. Bc3 Kb8 19. dxc5 Qxc5 20. Ne5 Bxe5
21. Qxe5+ Qxe5 22. Bxe5+ Kc8 23. f3 Rxd1+ 24. Kxd1 Ne8 25. Kc2 b6 26. Rd1 f5
27. Kc3 Nf6 28. Kb4 Re8 29. Kb5 Kb7 30. Bxf6 gxf6 31. Rd7+ Kb8 32. Rf7 e5 33.
Rxf6 e4 34. fxe4 fxe4 35. Kc6 e3 36. Rf1 Rc8+ 37. Kd5 Rg8 38. Kc6 Rc8+ 39. Kd5
Rg8 40. Rg1 Rg4 41. b3 Kb7 42. Rg2 a5 43. Ke5 a4 44. Kf5 e2 45. Rxe2 Rxg3 46.
b4 Rg5+ 47. Ke6 Rxh5 48. Kd6 Rh4 49. Re7+ Ka6 50. Kd5 Rh5+ 51. Kd4 Rh4+ 52. Kd5
Rh5+ 53. Kd6 Rh4 54. Rc7 b5 55. Rc6+ Kb7 56. cxb5 Rxb4 57. Kc5 Rb2 58. Rxh6
Rc2+ 59. Kb4 Rxa2 60. Ka5 Rc2 61. Rh7+ Rc7 62. Rh3 Rg7 63. Rc3 Rh7 1/2-1/2

[Event "Wch Juvenil 2010 sub18"]
[Site "Porto Carras GRE"]
[Date "2010.10.28"]
[Round "9.2"]
[White "Zierk, Steven C"]
[Black "Anwesh, Upadhyaya"]
[Result "1-0"]
[WhiteElo "2391"]
[BlackElo "2420"]
[PlyCount "73"]
[EventDate "2010.10.20"]
[EventType "swiss"]
[EventRounds "11"]
[EventCountry "GRE"]
[Source "lmi"]
[SourceDate "2010.10.20"]

1. e4 e5 2. Nf3 Nc6 3. d4 exd4 4. Nxd4 Nf6 5. Nxc6 bxc6 6. e5 Qe7 7. Qe2 Nd5 8.
c4 Ba6 9. b3 Qh4 10. a3 Bc5 11. g3 Bxf2+ 12. Qxf2 Qe4+ 13. Kd2 Qxh1 14. Bg2
Qxh2 15. cxd5 O-O 16. dxc6 Qh5 17. Nc3 dxc6 18. Kc2 Rfd8 19. Bf4 Qf5+ 20. Kb2
Rab8 21. Qxa7 g5 22. Qxa6 gxf4 23. Qe2 fxg3 24. Be4 Qg5 25. Kc2 Re8 26. Rg1 h5
27. Bd3 Rxe5 28. Ne4 Rxe4 29. Qxe4 Qc5+ 30. Bc4 Qxg1 31. Qg6+ Kh8 32. Qh6+ Kg8
33. Qg6+ Kh8 34. Qxh5+ Kg7 35. Qxf7+ Kh8 36. Qh5+ Kg7 37. Qg5+ 1-0

[Event "Wch Juvenil 2010 sub18"]
[Site "Porto Carras GRE"]
[Date "2010.10.28"]
[Round "9.3"]
[White "Baron, Tal"]
[Black "Arribas Lopez, Angel"]
[Result "0-1"]
[WhiteElo "2455"]
[BlackElo "2454"]
[PlyCount "108"]
[EventDate "2010.10.20"]
[EventType "swiss"]
[EventRounds "11"]
[EventCountry "GRE"]
[Source "lmi"]
[SourceDate "2010.10.20"]

1. e4 c5 2. Nf3 d6 3. d4 cxd4 4. Nxd4 Nf6 5. Nc3 g6 6. Be3 Bg7 7. f3 O-O 8. Qd2
Nc6 9. Bc4 Bd7 10. h4 Ne5 11. Bb3 Rc8 12. h5 Nxh5 13. g4 Ng3 14. Rg1 Rxc3 15.
bxc3 Nxf3+ 16. Nxf3 Nxe4 17. Qd3 Bxc3+ 18. Ke2 Bxa1 19. Rxa1 Bc6 20. Nd4 d5 21.
c4 e5 22. Nxc6 bxc6 23. cxd5 cxd5 24. Rc1 Qh4 25. Qxd5 Qxg4+ 26. Kd3 Qf5 27.
Kc4 Rb8 28. Bc2 Qc8+ 29. Kd3 Nc3 30. Qc4 Qd8+ 31. Kxc3 Rc8 32. Bc5 Qa5+ 33. Kb2
Rxc5 34. Qd3 Kg7 35. Rd1 Qb6+ 36. Bb3 a5 37. Rf1 Rc7 38. Qd5 Qd4+ 39. Qxd4 exd4
40. Rd1 Rd7 41. Ka3 g5 42. Ka4 h5 43. Kxa5 g4 44. Kb6 g3 45. Kc6 Rd8 46. Rh1
Rh8 47. Bd5 h4 48. Bg2 d3 49. Rd1 Ra8 50. Rd2 Rc8+ 51. Kd5 Rc2 52. Rxd3 Rxg2
53. Ke4 h3 54. Kf3 Rg1 0-1

[Event "Wch Juvenil 2010 sub18"]
[Site "Porto Carras GRE"]
[Date "2010.10.28"]
[Round "9.4"]
[White "Belous, Vladimir"]
[Black "Danilenko, Dmitriy"]
[Result "0-1"]
[WhiteElo "2498"]
[BlackElo "2307"]
[PlyCount "60"]
[EventDate "2010.10.20"]
[EventType "swiss"]
[EventRounds "11"]
[EventCountry "GRE"]
[Source "lmi"]
[SourceDate "2010.10.20"]

1. d4 d5 2. c4 c6 3. Nc3 Nf6 4. Bg5 dxc4 5. e3 Qa5 6. Bxf6 exf6 7. Bxc4 Bd6 8.
Nge2 O-O 9. O-O f5 10. a3 Nd7 11. b4 Qc7 12. g3 Nf6 13. Qc2 Qe7 14. Nf4 Bd7 15.
Rab1 Rfe8 16. Rfd1 Ne4 17. Bf1 g6 18. Bg2 h5 19. b5 Bxf4 20. Nxe4 fxe4 21. bxc6
Bg4 22. Rdc1 Bd6 23. Rxb7 Qe6 24. Bf1 Re7 25. Bc4 Qf6 26. Bd5 Bf3 27. c7 Rc8
28. Rb8 Qf5 29. Rxc8+ Qxc8 30. Qb3 Kg7 0-1

[Event "Wch Juvenil 2010 sub18"]
[Site "Porto Carras GRE"]
[Date "2010.10.28"]
[Round "9.5"]
[White "Terry, Renato"]
[Black "Cruz, Cristhian"]
[Result "0-1"]
[WhiteElo "2434"]
[BlackElo "2497"]
[PlyCount "166"]
[EventDate "2010.10.20"]
[EventType "swiss"]
[EventRounds "11"]
[EventCountry "GRE"]
[Source "lmi"]
[SourceDate "2010.10.20"]

1. d4 Nf6 2. Nf3 c6 3. c4 d5 4. e3 Bg4 5. Qb3 Qb6 6. Ne5 e6 7. Nxg4 Nxg4 8. Nc3
Nd7 9. Qc2 Be7 10. cxd5 cxd5 11. Bd3 Ngf6 12. Bd2 O-O 13. O-O Rac8 14. f4 g6
15. Rac1 a6 16. Qb1 Qa7 17. h3 Qb8 18. Rf3 b5 19. Rcf1 b4 20. Nd1 Qb7 21. Nf2
Ne8 22. g4 f5 23. g5 h5 24. gxh6 Kf7 25. Qd1 Rh8 26. Qa4 Nb6 27. Qd1 Rxh6 28.
Qe2 Ra8 29. Rc1 Nf6 30. Qe1 Ne4 31. Bxe4 dxe4 32. Rg3 Nd5 33. Rg2 Rah8 34. Qf1
Bh4 35. Nh1 Bf6 36. Nf2 Rh5 37. Rc5 Bh4 38. Rh2 Bg3 39. Rh1 g5 40. fxg5 Ne7 41.
Qc4 Rxg5 42. Kf1 Nd5 43. Rg1 Rhg8 44. Nd1 Kf6 45. Rc6 Qh7 46. Rxe6+ Kxe6 47.
Rxg3 Qb7 48. Rxg5 Rxg5 49. b3 Qb5 50. Kf2 Qxc4 51. bxc4 Nb6 52. Bxb4 Nxc4 53.
Nc3 Rg8 54. Ne2 Rb8 55. Nf4+ Kd7 56. Bc3 Rb1 57. d5 Kd6 58. h4 Nb6 59. h5 Nxd5
60. Nxd5 Kxd5 61. h6 Rh1 62. Bg7 Kc4 63. Kg3 Kd3 64. Kf4 Rh5 65. Bf8 a5 66. a3
a4 67. Bg7 Ke2 68. Bf8 Kf2 69. Bg7 Ke2 70. Bf8 Kf1 71. Bg7 Ke1 72. Bf8 Kd1 73.
Bg7 Kc2 74. Bf8 Kc3 75. Kg3 Kc4 76. Kf4 Kd5 77. Bg7 Ke6 78. Bf8 Kf6 79. Bg7+
Kg6 80. Bf8 Rh3 81. Bc5 Rf3+ 82. Ke5 Kxh6 83. Kd4 Rf1 0-1

[Event "Wch Juvenil 2010 sub18"]
[Site "Porto Carras GRE"]
[Date "2010.10.28"]
[Round "9.6"]
[White "Idani, Pouya"]
[Black "Yilmaz, Mustafa"]
[Result "1/2-1/2"]
[WhiteElo "2278"]
[BlackElo "2482"]
[PlyCount "120"]
[EventDate "2010.10.20"]
[EventType "swiss"]
[EventRounds "11"]
[EventCountry "GRE"]
[Source "lmi"]
[SourceDate "2010.10.20"]

1. e4 c5 2. c4 Nc6 3. Ne2 Nf6 4. Nbc3 e6 5. d4 cxd4 6. Nxd4 Bb4 7. Nxc6 dxc6 8.
Qxd8+ Kxd8 9. e5 Nd7 10. Bg5+ Kc7 11. O-O-O Nxe5 12. Bf4 f6 13. Bxe5+ fxe5 14.
Ne4 Bd7 15. h4 Raf8 16. g3 Be8 17. h5 Be7 18. Kd2 Bf7 19. Be2 a5 20. Ke3 Rd8
21. Rxd8 Rxd8 22. Rd1 Ra8 23. a4 h6 24. g4 Rb8 25. c5 b6 26. b3 Bg8 27. cxb6+
Rxb6 28. Bc4 Rb8 29. f3 Ba3 30. Ke2 Re8 31. Rg1 Bf7 32. Rd1 Re7 33. Rd2 g6 34.
hxg6 Bxg6 35. Bd3 h5 36. gxh5 Bxh5 37. Ra2 Bb4 38. Rc2 Rg7 39. Ke3 Rg1 40. Bb5
Be8 41. Bc4 Bd7 42. Rh2 Bc8 43. Rh5 Re1+ 44. Kd3 Rf1 45. Ke2 Rb1 46. Kd3 Rb2
47. Rxe5 Kb6 48. f4 Ba3 49. Nc3 Rf2 50. Ne2 Bd6 51. Re4 Rf3+ 52. Re3 Rxe3+ 53.
Kxe3 e5 54. fxe5 Bxe5 55. Nc1 Bf6 56. Nd3 Be7 57. Ke4 Kc7 58. Ke5 Bd6+ 59. Kd4
Bf8 60. Kc3 Bg7+ 1/2-1/2

[Event "Wch Juvenil 2010 sub18"]
[Site "Porto Carras GRE"]
[Date "2010.10.28"]
[Round "9.7"]
[White "Mazur, Stefan"]
[Black "Kanarek, Marcel"]
[Result "0-1"]
[WhiteElo "2402"]
[BlackElo "2401"]
[PlyCount "92"]
[EventDate "2010.10.20"]
[EventType "swiss"]
[EventRounds "11"]
[EventCountry "GRE"]
[Source "lmi"]
[SourceDate "2010.10.20"]

1. e4 e5 2. Nf3 Nc6 3. Bb5 Nf6 4. O-O Nxe4 5. d4 Nd6 6. Bxc6 dxc6 7. dxe5 Nf5
8. Qxd8+ Kxd8 9. Nc3 Ke8 10. h3 Be6 11. g4 Ne7 12. Nd4 Bd7 13. f4 Nd5 14. Nxd5
cxd5 15. f5 c5 16. Ne2 d4 17. Nf4 f6 18. e6 Bc6 19. Nh5 Rg8 20. Bf4 Be7 21.
Rad1 g6 22. Ng3 g5 23. Bd2 Bd6 24. Nh5 Ke7 25. Be1 Rgd8 26. Bg3 a5 27. Kf2 a4
28. a3 Ra5 29. Rb1 c4 30. Bxd6+ Rxd6 31. Ng3 Rb5 32. Rfd1 c3 33. bxc3 Rxb1 34.
Rxb1 dxc3 35. Nf1 Rd4 36. Re1 Rf4+ 37. Kg1 Rf3 38. Re3 b5 39. Re1 Rxh3 40. Ne3
b4 41. Kf2 Rh2+ 42. Kg3 Rh1 43. Rxh1 Bxh1 44. Nd1 b3 45. Nxc3 b2 46. Kf2 Be4
0-1

[Event "Wch Juvenil 2010 sub18"]
[Site "Porto Carras GRE"]
[Date "2010.10.28"]
[Round "9.8"]
[White "Salem, A."]
[Black "Priyadharshan, K."]
[Result "0-1"]
[WhiteElo "2501"]
[BlackElo "2357"]
[PlyCount "88"]
[EventDate "2010.10.20"]
[EventType "swiss"]
[EventRounds "11"]
[EventCountry "GRE"]
[Source "lmi"]
[SourceDate "2010.10.20"]

1. d4 d5 2. c4 dxc4 3. Nf3 Nf6 4. Nc3 c5 5. d5 e6 6. e4 exd5 7. exd5 Bd6 8.
Bxc4 a6 9. O-O O-O 10. Bg5 h6 11. Bh4 b5 12. Bb3 Re8 13. Re1 Rxe1+ 14. Qxe1 Bf5
15. Bxf6 Qxf6 16. Qe8+ Kh7 17. Re1 Ra7 18. a4 bxa4 19. Qxa4 Rb7 20. Qa2 g6 21.
Bc4 Kg7 22. Bf1 Bc2 23. Rc1 Bb3 24. Qb1 Qf4 25. Re1 Qb4 26. Re4 Qa5 27. Qc1 Nd7
28. Rh4 h5 29. g4 Be7 30. gxh5 Bxh4 31. Nxh4 Qd8 32. Nf3 Rb4 33. Bh3 Nf6 34.
Qg5 Qh8 35. Nh4 Bc2 36. Bf5 Rxh4 37. h6+ Rxh6 38. Bxc2 Rxh2 39. Kf1 Qh3+ 40.
Ke1 Rg2 41. Qe5 Qh1+ 42. Ke2 Qc1 43. Kf3 Rg5 44. Qf4 Qh1+ 0-1

[Event "Wch Juvenil 2010 sub18"]
[Site "Porto Carras GRE"]
[Date "2010.10.28"]
[Round "9.9"]
[White "Swayams, Mishra"]
[Black "Sethuraman, S P."]
[Result "0-1"]
[WhiteElo "2377"]
[BlackElo "2535"]
[PlyCount "60"]
[EventDate "2010.10.20"]
[EventType "swiss"]
[EventRounds "11"]
[EventCountry "GRE"]
[Source "lmi"]
[SourceDate "2010.10.20"]

1. d4 d5 2. c4 c6 3. Nf3 Nf6 4. e3 Bg4 5. h3 Bxf3 6. Qxf3 e6 7. Nc3 Nbd7 8. Bd3
Bd6 9. O-O O-O 10. e4 dxc4 11. Bxc4 e5 12. d5 Nb6 13. Bb3 cxd5 14. exd5 h6 15.
Rd1 Rc8 16. Qe2 a6 17. Be3 Nbd7 18. Bc2 b5 19. Bf5 Qe7 20. Rac1 Rfe8 21. a4 e4
22. Bd4 Rc4 23. Kf1 Nc5 24. Bxc5 Rxc5 25. h4 Qe5 26. Bh3 Qh2 27. Qe3 b4 28. Ne2
Nxd5 29. Qxc5 Bxc5 30. Rxd5 e3 0-1

[Event "Wch Juvenil 2010 sub18"]
[Site "Porto Carras GRE"]
[Date "2010.10.28"]
[Round "9.10"]
[White "Shimanov, Aleksandr"]
[Black "Bures, Jaroslav"]
[Result "1-0"]
[WhiteElo "2512"]
[BlackElo "2370"]
[PlyCount "177"]
[EventDate "2010.10.20"]
[EventType "swiss"]
[EventRounds "11"]
[EventCountry "GRE"]
[Source "lmi"]
[SourceDate "2010.10.20"]

1. d4 Nf6 2. Nf3 d5 3. c4 c6 4. Nc3 dxc4 5. e4 b5 6. e5 Nd5 7. a4 e6 8. Ng5
Nxc3 9. bxc3 Be7 10. h4 Bb7 11. Qh5 Bxg5 12. Bxg5 Qc7 13. Bc1 Nd7 14. Ba3 Nb6
15. Bd6 Qd7 16. a5 Nc8 17. Bc5 a6 18. Qg5 Rg8 19. Rh3 Ne7 20. Rf3 Nd5 21. Be2
h6 22. Qh5 Rh8 23. Bd1 g6 24. Qg4 h5 25. Qg5 Qd8 26. Qg3 Qd7 27. Bc2 O-O-O 28.
Kd2 Rdg8 29. Qg5 Rg7 30. Be4 Qd8 31. Qg3 g5 32. hxg5 Rxg5 33. Qh4 Qg8 34. Rg3
Rxg3 35. fxg3 Qg7 36. Kc2 Rg8 37. Rh1 Qxg3 38. Rh3 Qxh4 39. Rxh4 Ne3+ 40. Kd2
Nxg2 41. Rxh5 Kd8 42. Rh2 Nf4 43. Rf2 Rg4 44. Ke3 Nd5+ 45. Bxd5 cxd5 46. Rxf7
Bc8 47. Rf8+ Kc7 48. Bd6+ Kb7 49. Rf7+ Ka8 50. Rc7 Bb7 51. Kd2 Rg2+ 52. Kc1 Ra2
53. Bb4 Kb8 54. Rf7 Bc8 55. Kb1 Rg2 56. Re7 Rh2 57. Bd6+ Ka8 58. Rc7 Bb7 59.
Bc5 Rg2 60. Rd7 Bc8 61. Rd8 Kb7 62. Rd6 Rh2 63. Rb6+ Kc7 64. Bd6+ Kd7 65. Rb8
Kd8 66. Ra8 Rg2 67. Ra7 Rh2 68. Be7+ Ke8 69. Bf6 Bd7 70. Rxa6 Rh3 71. Ra8+ Kf7
72. Rd8 Be8 73. a6 Rxc3 74. a7 Bc6 75. Rc8 Ra3 76. Rc7+ Kg6 77. Rxc6 Rxa7 78.
Rxe6 b4 79. Rb6 b3 80. Bd8+ Kf5 81. e6 c3 82. Rxb3 Kxe6 83. Bb6 Ra4 84. Kc2 Kf5
85. Rxc3 Ke4 86. Bc5 Ra2+ 87. Kb3 Ra8 88. Rh3 Rb8+ 89. Kc3 1-0

[Event "Wch Juvenil 2010 sub18"]
[Site "Porto Carras GRE"]
[Date "2010.10.28"]
[Round "9.13"]
[White "Mammadov, Ayaz Arzu"]
[Black "Sieciechowicz, Marcin"]
[Result "1-0"]
[WhiteElo "2358"]
[BlackElo "2443"]
[PlyCount "83"]
[EventDate "2010.10.20"]
[EventType "swiss"]
[EventRounds "11"]
[EventCountry "GRE"]
[Source "lmi"]
[SourceDate "2010.10.20"]

1. e4 c5 2. Nf3 d6 3. d4 cxd4 4. Nxd4 Nf6 5. Nc3 a6 6. Be2 e6 7. O-O Be7 8. Be3
O-O 9. f4 Qc7 10. a4 Nc6 11. Bf3 Re8 12. Kh1 Bf8 13. Qd2 Na5 14. Qf2 Nc4 15.
Bc1 e5 16. Nde2 d5 17. fxe5 Nxe5 18. Bf4 dxe4 19. Nxe4 Nd5 20. Qg3 Qe7 21. Bg5
Qe6 22. c4 Nxf3 23. gxf3 Ne7 24. Nf4 Qc6 25. Bxe7 Bxe7 26. Nh5 g6 27. Qe5 gxh5
28. Rg1+ Bg4 29. Qxh5 Kh8 30. Rxg4 Qe6 31. Rag1 Rg8 32. Rxg8+ Rxg8 33. Rxg8+
Kxg8 34. Qg4+ Qg6 35. Qc8+ Bf8 36. Qxb7 Qh6 37. Qb3 Qc1+ 38. Kg2 Bg7 39. Qb8+
Bf8 40. Qg3+ Bg7 41. Nf6+ Kf8 42. Qd6# 1-0

[Event "Wch Juvenil 2010 sub18"]
[Site "Porto Carras GRE"]
[Date "2010.10.28"]
[Round "9.14"]
[White "Nuri, Kambez"]
[Black "Firat, Burak"]
[Result "1-0"]
[WhiteElo "2280"]
[BlackElo "2424"]
[PlyCount "73"]
[EventDate "2010.10.20"]
[EventType "swiss"]
[EventRounds "11"]
[EventCountry "GRE"]
[Source "lmi"]
[SourceDate "2010.10.20"]

1. e4 e6 2. d4 d5 3. Nc3 Nf6 4. Bg5 Bb4 5. exd5 Qxd5 6. Bxf6 Bxc3+ 7. bxc3 gxf6
8. Qd2 Nc6 9. Qf4 Ke7 10. Qxc7+ Bd7 11. Qxb7 Qa5 12. Kd2 a6 13. Qb3 Rhd8 14.
Nf3 e5 15. a4 Be6 16. Qa3+ Ke8 17. Bd3 Nxd4 18. Nxd4 Rxd4 19. Ke2 Rg4 20. Qd6
Qxc3 21. Rhb1 Rd4 22. Qa3 Qc6 23. f3 Bc4 24. Qc1 Rad8 25. Ra3 e4 26. fxe4 Rxe4+
27. Kf1 Rdd4 28. Rc3 Rg4 29. Qe3+ Kf8 30. Qh6+ Ke7 31. Qe3+ Kf8 32. Qh6+ Ke7
33. Qe3+ Kd7 34. Rxc4 Qxg2+ 35. Ke1 Qh1+ 36. Kd2 Rxc4 37. Rxh1 1-0

[Event "Wch Juvenil 2010 sub18"]
[Site "Porto Carras GRE"]
[Date "2010.10.28"]
[Round "9.15"]
[White "Griffiths, Ryan Rhys"]
[Black "Iljiushenok, Ilia"]
[Result "0-1"]
[WhiteElo "2283"]
[BlackElo "2412"]
[PlyCount "46"]
[EventDate "2010.10.20"]
[EventType "swiss"]
[EventRounds "11"]
[EventCountry "GRE"]
[Source "lmi"]
[SourceDate "2010.10.20"]

1. c4 g6 2. g3 Bg7 3. Bg2 c5 4. Nc3 Nc6 5. a3 d6 6. Rb1 a5 7. Nf3 Nh6 8. O-O
Nf5 9. d3 h5 10. h4 O-O 11. Nb5 Qd7 12. Ne1 b6 13. Nc2 Bb7 14. b4 axb4 15. axb4
Ra2 16. bxc5 dxc5 17. Bd2 Ne5 18. Bxb7 Qxb7 19. Nc3 Rxc2 20. Qxc2 Nd4 21. Qc1
Nef3+ 22. exf3 Nxf3+ 23. Kh1 Nxd2+ 0-1

[Event "Wch Juvenil 2010 sub18"]
[Site "Porto Carras GRE"]
[Date "2010.10.28"]
[Round "9.17"]
[White "Klein, David"]
[Black "Kanmazalp, Ogulcan"]
[Result "0-1"]
[WhiteElo "2299"]
[BlackElo "2411"]
[PlyCount "80"]
[EventDate "2010.10.20"]
[EventType "swiss"]
[EventRounds "11"]
[EventCountry "GRE"]
[Source "lmi"]
[SourceDate "2010.10.20"]

1. e4 e6 2. d4 d5 3. Nd2 Nf6 4. e5 Nfd7 5. c3 c5 6. Bd3 Nc6 7. Ngf3 a6 8. O-O
g5 9. dxc5 g4 10. Nd4 Ndxe5 11. N2b3 Nxd3 12. Qxd3 e5 13. Re1 Bg7 14. Nf5 Bxf5
15. Qxf5 Qd7 16. Qh5 O-O-O 17. Bh6 Bxh6 18. Qxh6 Qf5 19. Nd2 Qg6 20. Qe3 f5 21.
f4 gxf3 22. Qxf3 Qg5 23. Rad1 Rhg8 24. Qh3 Kb8 25. Nf3 Qg7 26. Nh4 f4 27. Nf5
Qd7 28. Qh5 Rg6 29. Nh4 Rgg8 30. Kh1 Qg7 31. Re2 Qf6 32. Nf3 e4 33. Nd4 Nxd4
34. cxd4 Rg5 35. Qh3 Rdg8 36. Rc2 f3 37. c6 bxc6 38. Qd7 fxg2+ 39. Kg1 Rf5 40.
Rd3 Rf1# 0-1

[Event "Wch Juvenil 2010 sub18"]
[Site "Porto Carras GRE"]
[Date "2010.10.29"]
[Round "10.1"]
[White "Arribas Lopez, Angel"]
[Black "Zierk, Steven C"]
[Result "0-1"]
[WhiteElo "2454"]
[BlackElo "2391"]
[PlyCount "94"]
[EventDate "2010.10.20"]
[EventType "swiss"]
[EventRounds "11"]
[EventCountry "GRE"]
[Source "lmi"]
[SourceDate "2010.10.20"]

1. Nf3 d5 2. e3 Nf6 3. c4 c6 4. Nc3 g6 5. b3 Bg7 6. Bb2 O-O 7. Be2 Ne4 8. Qc2
Bg4 9. d4 Nxc3 10. Bxc3 Nd7 11. Rd1 e6 12. e4 dxe4 13. Qxe4 Bxf3 14. Bxf3 Qc7
15. O-O Rfd8 16. Rc1 Nf6 17. Qe3 Qb6 18. Rfd1 Rd7 19. Rd2 Rad8 20. Rcd1 Ne8 21.
g4 a6 22. Kg2 Qc7 23. Bb4 Bf8 24. Bxf8 Kxf8 25. Qh6+ Kg8 26. h4 Qd6 27. h5 Qf8
28. Qf4 Qg7 29. hxg6 hxg6 30. d5 cxd5 31. cxd5 e5 32. Qh2 Nd6 33. Re1 Re7 34.
Bd1 Nb5 35. a4 Nc3 36. d6 Re6 37. Rd3 e4 38. Rh3 Rdxd6 39. Rh1 Kf8 40. Bc2 Qf6
41. Re3 Rd2 42. Qh8+ Qxh8 43. Rxh8+ Kg7 44. Rc8 Nd5 45. Re1 e3 46. Rf1 e2 47.
Re1 Nb4 0-1